00326nam a2200133 a 450000500170000000800410001702000180005805000170007610000200009324500300011326000370014344000060018065000060018620140414131927.0101027s19uu xx 00 eng d a0-307-62349-1 aERbT14 1993 aPotter, Beatrix aThe tale of Peter Rabbit. bGolden Book,aNew York :c1993. a  a